000 00627nam a2200217 u 4500
005 20230121063543.0
008 100630s2008 ag r 000 0 spa d
020 _a9789689444077
035 _aUPN01000177090
049 _aCG
050 4 _aBR747
_bF4.4
100 1 _aFerro, Jorge Francisco
_933838
245 1 3 _aLa iglesia céltica :
_bmonjes culdeos y masones operativos /
_cJorge Francisco Ferro.
260 _aArgentina :
_bLumen,
_c2008.
300 _a140 p.
440 0 _aBiblioteca de historia
650 4 _aCULDEOS
_918242
650 4 _aMASONERIA
_93020
650 4 _aDRUIDAS Y DRUIDISMO
_916056
905 _aLibro
999 _c149193
_d149193